Δοκίμια αναλυτικής κοινωνιοψυχολογίας
Αποθηκεύτηκε σε:
| Κύριος συγγραφέας: | |
|---|---|
| Μορφή: | Βιβλίο |
| Γλώσσα: | Greek |
| Δημοσίευση: |
Αθήνα :
Επίκουρος,
1975
|
| Έκδοση: | 2η έκδ. |
| Θέματα: | |
| Ετικέτες: |
Προσθήκη ετικέτας
Δεν υπάρχουν, Καταχωρήστε ετικέτα πρώτοι!
|
MARC
| LEADER | 00000nam a2200000 i 4500 | ||
|---|---|---|---|
| 001 | 1/86648 | ||
| 008 | 960401s1975 gre d | ||
| 035 | |a 1986 |c Αγορά |l 10035029 | ||
| 040 | |a GR-MY-UA |b gre |e aacr | ||
| 041 | 0 | |a gre | |
| 082 | 0 | |a 302.01 | |
| 100 | 1 | |a Fromm, Erich |d 1900-1980. | |
| 245 | 1 | 0 | |a Δοκίμια αναλυτικής κοινωνιοψυχολογίας / |c Erich Fromm |
| 250 | |a 2η έκδ. | ||
| 260 | |a Αθήνα : |b Επίκουρος, |c 1975 | ||
| 300 | |a 72 σ. | ||
| 650 | 0 | 0 | |a Social psychology. |
| 852 | |a INST |b CHIOS |e 19960401 |h 302.01 FRO |p 005200006476 |q 005200006476 |t BK |y 0 | ||
| 852 | |a INST |b RHODES |e 19960703 |h 302.01 FRO |p 005400004593 |q 005400004593 |t BK |y 0 | ||
| 909 | |a Ρ |b 003561 |c 1986 | ||
| 909 | |a Χ |b 001928 | ||